[Event "Iranian Men Championship Final 1399"]
[Site "Tehran"]
[Date "2021.04.06"]
[Round "3"]
[Board "2"]
[White "Ghaem Maghami, Ehsan"]
[Black "Tabatabaei, M.Amin"]
[Result "1/2-1/2"]
[WhiteElo "2561"]
[BlackElo "2629"]
[PlyCount "0"]
[EventDate "2021.04.05"]
[EventRounds "15"]
[EventCountry "IRI"]

1. d4 {[%clk 1:30:50]} Nf6 {[%clk 1:30:45]} 2. c4 {[%clk 1:31:07]} g6
{[%clk 1:30:53]} 3. Nc3 {[%clk 1:31:23]} d5 {[%clk 1:31:12]} 4. Bf4
{[%clk 1:31:34]} Bg7 {[%clk 1:31:30]} 5. e3 {[%clk 1:31:29]} c5 {[%clk 1:31:46]}
6. dxc5 {[%clk 1:27:55]} Qa5 {[%clk 1:31:39]} 7. Rc1 {[%clk 1:20:34]} O-O
{[%clk 1:31:40]} 8. cxd5 {[%clk 1:13:12]} Nbd7 {[%clk 1:31:51]} 9. Qd2
{[%clk 0:58:29]} Nxc5 {[%clk 1:20:46]} 10. Nf3 {[%clk 0:55:10]} Qb6
{[%clk 1:14:26]} 11. Be5 {[%clk 0:48:18]} Nce4 {[%clk 0:48:35]} 12. Nxe4
{[%clk 0:44:32]} Nxe4 {[%clk 0:48:58]} 13. Qd4 {[%clk 0:44:57]} Qa5+
{[%clk 0:49:05]} 14. b4 {[%clk 0:44:13]} Qa3 {[%clk 0:48:59]} 15. Rc2
{[%clk 0:43:38]} Bxe5 {[%clk 0:35:50]} 16. Nxe5 {[%clk 0:43:13]} f6
{[%clk 0:36:07]} 17. Nd3 {[%clk 0:36:39]} Bf5 {[%clk 0:35:47]} 18. f3
{[%clk 0:33:13]} Nd6 {[%clk 0:36:05]} 19. e4 {[%clk 0:32:40]} Rfc8
{[%clk 0:34:42]} 20. Qb2 {[%clk 0:32:26]} Qxb2 {[%clk 0:34:51]} 21. Rxb2
{[%clk 0:32:51]} Bd7 {[%clk 0:35:16]} 22. Nc5 {[%clk 0:32:28]} Be8
{[%clk 0:34:59]} 23. Nb3 {[%clk 0:25:20]} f5 {[%clk 0:19:14]} 24. Bd3
{[%clk 0:25:21]} fxe4 {[%clk 0:19:09]} 25. fxe4 {[%clk 0:25:02]} Nc4
{[%clk 0:16:30]} 26. Rc2 {[%clk 0:14:12]} Ne5 {[%clk 0:16:55]} 27. Rxc8
{[%clk 0:14:29]} Rxc8 {[%clk 0:17:19]} 28. Kd2 {[%clk 0:14:53]} e6
{[%clk 0:17:41]} 29. Ke3 {[%clk 0:08:22]}  1/2-1/2

[Event "Iranian Men Championship Final 1399"]
[Site "Tehran"]
[Date "2021.04.06"]
[Round "3"]
[Board "3"]
[White "Veisi, Bardia"]
[Black "Atakhan, Abtin"]
[Result "0-1"]
[WhiteElo "2273"]
[BlackElo "2294"]
[PlyCount "0"]
[EventDate "2021.04.05"]
[EventRounds "15"]
[EventCountry "IRI"]

1. d4 {[%clk 1:29:53]} Nf6 {[%clk 1:30:30]} 2. c4 {[%clk 1:30:10]} g6
{[%clk 1:30:44]} 3. Nc3 {[%clk 1:30:34]} d5 {[%clk 1:31:09]} 4. cxd5
{[%clk 1:30:57]} Nxd5 {[%clk 1:31:36]} 5. e4 {[%clk 1:31:18]} Nxc3
{[%clk 1:32:02]} 6. bxc3 {[%clk 1:31:42]} Bg7 {[%clk 1:32:26]} 7. Nf3
{[%clk 1:32:05]} c5 {[%clk 1:32:35]} 8. Bb5+ {[%clk 1:32:29]} Nc6
{[%clk 1:30:11]} 9. O-O {[%clk 1:32:49]} O-O {[%clk 1:29:46]} 10. Bxc6
{[%clk 1:32:48]} bxc6 {[%clk 1:30:14]} 11. Ba3 {[%clk 1:33:09]} cxd4
{[%clk 1:29:50]} 12. cxd4 {[%clk 1:33:31]} Qa5 {[%clk 1:24:46]} 13. Qb3
{[%clk 1:29:02]} Bg4 {[%clk 1:14:30]} 14. Bxe7 {[%clk 1:17:52]} Rfb8
{[%clk 1:07:57]} 15. Qe3 {[%clk 1:16:53]} Bxf3 {[%clk 1:06:52]} 16. gxf3
{[%clk 1:17:14]} Rb2 {[%clk 1:07:00]} 17. a3 {[%clk 1:06:23]} Qh5
{[%clk 1:01:28]} 18. Bd6 {[%clk 1:03:30]} Rd8 {[%clk 0:55:44]} 19. e5
{[%clk 1:03:40]} Bh6 {[%clk 0:52:48]} 20. Qe4 {[%clk 1:03:54]} f5
{[%clk 0:53:08]} 21. exf6 {[%clk 0:54:47]} Rxd6 {[%clk 0:53:32]} 22. f7+
{[%clk 0:53:40]} Kxf7 {[%clk 0:53:17]} 23. Rfe1 {[%clk 0:51:38]} Bf8
{[%clk 0:53:30]} 24. Rac1 {[%clk 0:51:00]} Qg5+ {[%clk 0:52:41]} 25. Kf1
{[%clk 0:50:25]} Qd2 {[%clk 0:50:53]} 26. Qh4 {[%clk 0:50:40]} h5
{[%clk 0:46:22]} 27. d5 {[%clk 0:50:38]} Rxd5 {[%clk 0:44:36]} 28. Rxc6
{[%clk 0:50:15]} Rg5 {[%clk 0:43:48]} 29. Rc7+ {[%clk 0:39:59]} Kg8
{[%clk 0:44:11]} 30. Qc4+ {[%clk 0:40:23]} Kh8 {[%clk 0:44:33]} 31. Qe2
{[%clk 0:38:27]} Qxe2+ {[%clk 0:43:57]} 32. Rxe2 {[%clk 0:38:50]} Rb1+
{[%clk 0:43:38]} 33. Re1 {[%clk 0:39:11]} Rxe1+ {[%clk 0:44:03]} 34. Kxe1
{[%clk 0:39:35]} Ra5 {[%clk 0:44:23]} 35. f4 {[%clk 0:38:42]} Bxa3
{[%clk 0:43:18]} 36. Ke2 {[%clk 0:38:36]} Bc5 {[%clk 0:43:10]}  0-1

[Event "Iranian Men Championship Final 1399"]
[Site "Tehran"]
[Date "2021.04.06"]
[Round "3"]
[Board "4"]
[White "Maghsoodloo, Parham"]
[Black "Daneshvar, Bardiya"]
[Result "1/2-1/2"]
[WhiteElo "2676"]
[BlackElo "2401"]
[PlyCount "0"]
[EventDate "2021.04.05"]
[EventRounds "15"]
[EventCountry "IRI"]

1. e4 {[%clk 1:30:57]} c6 {[%clk 1:30:56]} 2. d4 {[%clk 1:31:23]} d5
{[%clk 1:31:21]} 3. f3 {[%clk 1:31:47]} Qb6 {[%clk 1:31:40]} 4. Nc3
{[%clk 1:32:11]} dxe4 {[%clk 1:31:22]} 5. fxe4 {[%clk 1:22:53]} e5
{[%clk 1:31:26]} 6. dxe5 {[%clk 1:23:21]} Be6 {[%clk 1:26:02]} 7. Nf3
{[%clk 1:17:30]} Nd7 {[%clk 1:25:53]} 8. Ng5 {[%clk 1:15:41]} Nxe5
{[%clk 1:15:04]} 9. Nxe6 {[%clk 1:14:45]} fxe6 {[%clk 1:15:28]} 10. Qh5+
{[%clk 1:14:07]} Ng6 {[%clk 1:15:50]} 11. Bc4 {[%clk 1:12:42]} Nf6
{[%clk 1:11:56]} 12. Qe2 {[%clk 1:11:26]} O-O-O {[%clk 1:07:39]} 13. Bd2
{[%clk 1:08:18]} Bd6 {[%clk 0:55:02]} 14. Bxe6+ {[%clk 0:52:47]} Kb8
{[%clk 0:54:27]} 15. g3 {[%clk 0:53:10]} Rhe8 {[%clk 0:43:42]} 16. Bb3
{[%clk 0:44:13]} Bb4 {[%clk 0:36:29]} 17. O-O-O {[%clk 0:44:25]} Bxc3
{[%clk 0:34:42]} 18. Bxc3 {[%clk 0:44:48]} Rxd1+ {[%clk 0:34:19]} 19. Rxd1
{[%clk 0:43:32]} Rxe4 {[%clk 0:34:36]} 20. Qf1 {[%clk 0:41:40]} Qe3+
{[%clk 0:30:42]} 21. Bd2 {[%clk 0:41:38]} Qc5 {[%clk 0:28:07]} 22. c3
{[%clk 0:39:23]} a6 {[%clk 0:25:41]} 23. Kb1 {[%clk 0:37:13]} Re7
{[%clk 0:20:33]} 24. Bc1 {[%clk 0:36:46]} Rd7 {[%clk 0:19:28]} 25. Rxd7
{[%clk 0:33:52]} Nxd7 {[%clk 0:19:42]} 26. Bc2 {[%clk 0:28:06]} Nf6
{[%clk 0:18:13]} 27. a4 {[%clk 0:26:58]} Ka8 {[%clk 0:17:41]} 28. Qh3
{[%clk 0:25:46]} Qe5 {[%clk 0:15:50]} 29. Qc8+ {[%clk 0:20:16]} Qb8
{[%clk 0:14:06]} 30. Qe6 {[%clk 0:20:02]} Qe8 {[%clk 0:13:07]} 31. Qc4
{[%clk 0:14:30]} Ne5 {[%clk 0:12:21]} 32. Qe2 {[%clk 0:12:22]} h6
{[%clk 0:11:23]} 33. h3 {[%clk 0:12:07]} Ned7 {[%clk 0:10:56]} 34. Qf2
{[%clk 0:11:34]} Qe5 {[%clk 0:10:16]} 35. g4 {[%clk 0:11:57]} Qd5
{[%clk 0:10:00]} 36. Qe3 {[%clk 0:09:25]} Qe5 {[%clk 0:08:40]} 37. Qd3
{[%clk 0:09:49]} Nd5 {[%clk 0:07:49]} 38. h4 {[%clk 0:09:18]} Qe7
{[%clk 0:07:11]} 39. g5 {[%clk 0:09:38]} hxg5 {[%clk 0:07:22]} 40. hxg5
{[%clk 0:10:07]} Ne5 {[%clk 0:06:17]} 41. Qd4 {[%clk 0:08:40]} Nf3
{[%clk 0:05:15]} 42. Qe4 {[%clk 0:04:52]} Ne5 {[%clk 0:04:09]} 43. a5
{[%clk 0:02:45]} Nf7 {[%clk 0:03:05]} 44. c4 {[%clk 0:01:35]} Nd6
{[%clk 0:01:52]} 45. Qd4 {[%clk 0:01:27]} Nc7 {[%clk 0:01:02]} 46. Be3
{[%clk 0:01:32]} Kb8 {[%clk 0:01:12]} 47. b3 {[%clk 0:01:02]} Kc8
{[%clk 0:00:36]} 48. Bf4 {[%clk 0:01:18]} Nde8 {[%clk 0:00:47]} 49. g6
{[%clk 0:01:02]} Qe1+ {[%clk 0:00:54]} 50. Kb2 {[%clk 0:01:00]} Qxa5
{[%clk 0:00:40]} 51. Be5 {[%clk 0:01:24]} b5 {[%clk 0:00:36]} 52. Qc5
{[%clk 0:00:41]} Kb7 {[%clk 0:00:42]} 53. Bd4 {[%clk 0:00:37]} Qd2
{[%clk 0:00:43]} 54. Qb6+ {[%clk 0:00:59]} Kc8 {[%clk 0:01:10]} 55. Bc3
{[%clk 0:01:25]} Qg2 {[%clk 0:00:51]} 56. Be5 {[%clk 0:00:41]} Qg5
{[%clk 0:00:45]} 57. Bd4 {[%clk 0:00:44]} Kd7 {[%clk 0:00:47]} 58. Bc3
{[%clk 0:00:44]} bxc4 {[%clk 0:00:40]} 59. Qd4+ {[%clk 0:01:04]} Kc8
{[%clk 0:00:53]} 60. bxc4 {[%clk 0:01:24]} Kb7 {[%clk 0:01:04]} 61. Qd7
{[%clk 0:01:44]} Qf4 {[%clk 0:01:09]} 62. Bxg7 {[%clk 0:01:25]} Nxg7
{[%clk 0:01:22]} 63. Qxg7 {[%clk 0:01:49]} Qxc4 {[%clk 0:01:38]} 64. Qe7
{[%clk 0:01:00]} Qd4+ {[%clk 0:01:32]} 65. Kb1 {[%clk 0:01:03]} Qb6+
{[%clk 0:01:35]} 66. Ka2 {[%clk 0:01:02]} Qa5+ {[%clk 0:01:58]} 67. Kb2
{[%clk 0:01:01]} Qb6+ {[%clk 0:02:05]} 68. Kc3 {[%clk 0:00:38]} Qa5+
{[%clk 0:02:14]} 69. Kd3 {[%clk 0:01:01]} Qf5+ {[%clk 0:02:15]} 70. Kd2
{[%clk 0:01:18]} Qf2+ {[%clk 0:02:31]} 71. Kd3 {[%clk 0:00:43]} Qf5+
{[%clk 0:02:32]} 72. Kc3 {[%clk 0:01:09]} Qa5+ {[%clk 0:02:03]} 73. Kd3
{[%clk 0:00:34]}  1/2-1/2

[Event "Iranian Men Championship Final 1399"]
[Site "Tehran"]
[Date "2021.04.06"]
[Round "3"]
[Board "5"]
[White "Nikookar, Mahdi"]
[Black "Darini, Pouria"]
[Result "0-1"]
[WhiteElo "2239"]
[BlackElo "2432"]
[PlyCount "0"]
[EventDate "2021.04.05"]
[EventRounds "15"]
[EventCountry "IRI"]

1. d4 {[%clk 1:30:35]} Nf6 {[%clk 1:30:49]} 2. c4 {[%clk 1:31:00]} g6
{[%clk 1:31:14]} 3. Nc3 {[%clk 1:31:26]} d5 {[%clk 1:31:38]} 4. cxd5
{[%clk 1:30:51]} Nxd5 {[%clk 1:32:00]} 5. e4 {[%clk 1:30:36]} Nxc3
{[%clk 1:32:21]} 6. bxc3 {[%clk 1:31:00]} Bg7 {[%clk 1:32:43]} 7. Nf3
{[%clk 1:31:23]} c5 {[%clk 1:33:07]} 8. Bb5+ {[%clk 1:31:46]} Nc6
{[%clk 1:30:33]} 9. d5 {[%clk 1:31:05]} Qa5 {[%clk 1:27:46]} 10. Rb1
{[%clk 1:30:17]} a6 {[%clk 1:27:34]} 11. Bxc6+ {[%clk 1:30:12]} bxc6
{[%clk 1:28:03]} 12. dxc6 {[%clk 1:30:40]} Qxc3+ {[%clk 1:03:32]} 13. Qd2
{[%clk 0:58:47]} Qc4 {[%clk 0:55:43]} 14. Qd5 {[%clk 0:58:30]} Qc2
{[%clk 0:39:09]} 15. c7 {[%clk 0:50:24]} Bc3+ {[%clk 0:39:19]} 16. Nd2
{[%clk 0:21:56]} Bxd2+ {[%clk 0:38:52]} 17. Qxd2 {[%clk 0:22:11]} Qxe4+
{[%clk 0:39:12]} 18. Kf1 {[%clk 0:21:26]} Bb7 {[%clk 0:36:40]} 19. Rb3
{[%clk 0:17:47]} Qxg2+ {[%clk 0:35:11]} 20. Ke2 {[%clk 0:18:10]} Qe4+
{[%clk 0:20:49]} 21. Re3 {[%clk 0:12:29]} Qc4+ {[%clk 0:21:13]} 22. Ke1
{[%clk 0:11:15]} Bxh1 {[%clk 0:21:18]} 23. Rd3 {[%clk 0:11:41]} O-O
{[%clk 0:19:04]} 24. Bb2 {[%clk 0:12:09]} Qb4 {[%clk 0:14:22]} 25. Bc3
{[%clk 0:12:26]} Qb1+ {[%clk 0:14:46]} 26. Ke2 {[%clk 0:12:49]} Bg2
{[%clk 0:13:42]} 27. Rd8 {[%clk 0:12:41]} Qf1+ {[%clk 0:11:50]} 28. Ke3
{[%clk 0:12:43]} Qc4 {[%clk 0:12:15]} 29. f3 {[%clk 0:12:47]} Qf1
{[%clk 0:12:08]} 30. Qd7 {[%clk 0:11:46]} Qxf3+ {[%clk 0:12:16]} 31. Kd2
{[%clk 0:12:14]} Qf4+ {[%clk 0:11:39]} 32. Ke2 {[%clk 0:10:44]} Bf3+
{[%clk 0:12:00]}  0-1

[Event "Iranian Men Championship Final 1399"]
[Site "Tehran"]
[Date "2021.04.06"]
[Round "3"]
[Board "6"]
[White "Mousavi, Seyed Khalil"]
[Black "Idani, Pouya"]
[Result "1/2-1/2"]
[WhiteElo "2522"]
[BlackElo "2588"]
[PlyCount "0"]
[EventDate "2021.04.05"]
[EventRounds "15"]
[EventCountry "IRI"]

1. e4 {[%clk 1:30:45]} e5 {[%clk 1:30:47]} 2. Nf3 {[%clk 1:31:03]} Nc6
{[%clk 1:31:11]} 3. Nc3 {[%clk 1:31:15]} Nf6 {[%clk 1:31:31]} 4. d4
{[%clk 1:31:29]} exd4 {[%clk 1:31:56]} 5. Nxd4 {[%clk 1:31:53]} Bb4
{[%clk 1:31:34]} 6. Nxc6 {[%clk 1:32:16]} bxc6 {[%clk 1:32:01]} 7. Bd3
{[%clk 1:32:37]} O-O {[%clk 1:31:01]} 8. O-O {[%clk 1:32:08]} d5 {[%clk 1:31:12]}
9. exd5 {[%clk 1:32:20]} cxd5 {[%clk 1:31:37]} 10. Bg5 {[%clk 1:32:19]} c6
{[%clk 1:31:53]} 11. Na4 {[%clk 1:32:43]} h6 {[%clk 1:28:35]} 12. Bh4
{[%clk 1:31:37]} Be6 {[%clk 1:27:52]} 13. c3 {[%clk 1:31:29]} Be7
{[%clk 1:27:23]} 14. Re1 {[%clk 1:26:01]} Re8 {[%clk 1:24:28]} 15. Bc2
{[%clk 1:25:16]} a5 {[%clk 1:19:10]} 16. Qd3 {[%clk 1:16:33]} Ne4
{[%clk 1:19:13]} 17. Bxe7 {[%clk 1:14:53]} Qxe7 {[%clk 1:18:58]} 18. Qd4
{[%clk 1:14:17]} Nf6 {[%clk 1:11:54]} 19. Re3 {[%clk 1:11:15]} Rab8
{[%clk 1:03:26]} 20. Rae1 {[%clk 1:08:28]} Qd6 {[%clk 0:59:27]} 21. a3
{[%clk 1:03:32]} Kf8 {[%clk 0:50:25]} 22. h3 {[%clk 1:00:05]} Bd7
{[%clk 0:49:04]} 23. Qa7 {[%clk 0:55:43]} Rxe3 {[%clk 0:45:40]} 24. Rxe3
{[%clk 0:55:20]} c5 {[%clk 0:41:37]} 25. Nxc5 {[%clk 0:43:01]} Rxb2
{[%clk 0:42:00]} 26. Nxd7+ {[%clk 0:38:11]} Nxd7 {[%clk 0:42:12]} 27. Qxa5
{[%clk 0:37:07]} Nb6 {[%clk 0:38:55]} 28. Bd3 {[%clk 0:34:41]} Ra2
{[%clk 0:30:06]} 29. Qb4 {[%clk 0:30:35]} Ra1+ {[%clk 0:30:29]} 30. Bf1
{[%clk 0:30:01]} Qxb4 {[%clk 0:30:19]} 31. cxb4 {[%clk 0:24:05]} Nc4
{[%clk 0:29:06]} 32. Rd3 {[%clk 0:24:25]} Nxa3 {[%clk 0:29:30]} 33. Rxd5
{[%clk 0:23:58]} Rb1 {[%clk 0:29:56]} 34. b5 {[%clk 0:18:09]} Ke7
{[%clk 0:30:13]} 35. g3 {[%clk 0:15:05]} Ke6 {[%clk 0:27:20]} 36. Rc5
{[%clk 0:14:02]} Kd6 {[%clk 0:27:00]} 37. Rc8 {[%clk 0:13:33]} Nxb5
{[%clk 0:25:25]} 38. Kg2 {[%clk 0:12:52]} Nc7 {[%clk 0:25:40]} 39. Bc4 Ne6 40.
Rg8 {[%clk 0:12:58]} g6 {[%clk 0:25:37]} 41. Re8 {[%clk 0:13:08]} Re1
{[%clk 0:25:29]} 42. Bxe6 Rxe6 43. Rc8  1/2-1/2

[Event "Iranian Men Championship Final 1399"]
[Site "Tehran"]
[Date "2021.04.06"]
[Round "3"]
[Board "7"]
[White "Gholami Orimi, Mahdi"]
[Black "Gholami, Aryan"]
[Result "1/2-1/2"]
[WhiteElo "2428"]
[BlackElo "2507"]
[PlyCount "0"]
[EventDate "2021.04.05"]
[EventRounds "15"]
[EventCountry "IRI"]

1. d4 {[%clk 1:30:55]} Nf6 {[%clk 1:30:16]} 2. c4 {[%clk 1:31:08]} e6
{[%clk 1:30:27]} 3. g3 {[%clk 1:30:26]} Bb4+ {[%clk 1:29:01]} 4. Bd2
{[%clk 1:28:32]} Qe7 {[%clk 1:28:39]} 5. Nf3 {[%clk 1:27:45]} Nc6
{[%clk 1:24:57]} 6. Bg2 {[%clk 1:22:12]} Bxd2+ {[%clk 1:24:56]} 7. Nbxd2
{[%clk 1:18:46]} d6 {[%clk 1:25:04]} 8. O-O {[%clk 1:18:28]} e5 {[%clk 1:24:25]}
9. d5 {[%clk 1:18:20]} Nb8 {[%clk 1:24:46]} 10. e4 {[%clk 1:16:55]} O-O
{[%clk 1:21:27]} 11. Ne1 {[%clk 1:16:47]} a5 {[%clk 1:15:12]}  1/2-1/2

[Event "Iranian Men Championship Final 1399"]
[Site "Tehran"]
[Date "2021.04.06"]
[Round "3"]
[Board "8"]
[White "Jahedi, Mani"]
[Black "Mosadeghpour, Masoud"]
[Result "1-0"]
[WhiteElo "2201"]
[BlackElo "2498"]
[PlyCount "0"]
[EventDate "2021.04.05"]
[EventRounds "15"]
[EventCountry "IRI"]

1. e4 {[%clk 1:30:58]} e5 {[%clk 1:29:51]} 2. Nf3 {[%clk 1:30:58]} Nf6
{[%clk 1:29:47]} 3. d4 {[%clk 1:30:43]} exd4 {[%clk 1:29:16]} 4. e5
{[%clk 1:29:54]} Ne4 {[%clk 1:29:37]} 5. Qxd4 {[%clk 1:23:28]} d5
{[%clk 1:29:57]} 6. exd6 {[%clk 1:23:14]} Nxd6 {[%clk 1:30:23]} 7. Bd3
{[%clk 1:21:23]} Nc6 {[%clk 1:30:35]} 8. Qf4 {[%clk 1:19:36]} g6 {[%clk 1:28:55]}
9. O-O {[%clk 1:17:58]} Bg7 {[%clk 1:27:58]} 10. Re1+ {[%clk 1:17:44]} Be6
{[%clk 1:27:44]} 11. Nbd2 {[%clk 1:00:04]} O-O {[%clk 1:26:56]} 12. Ne4
{[%clk 0:58:09]} Nb4 {[%clk 1:19:52]} 13. Nf6+ {[%clk 0:48:15]} Qxf6
{[%clk 1:19:24]} 14. Qxb4 {[%clk 0:48:43]} Bd5 {[%clk 1:09:44]} 15. Ne5
{[%clk 0:36:31]} Rfe8 {[%clk 0:57:28]} 16. f4 {[%clk 0:35:47]} Nf5
{[%clk 0:52:07]} 17. Bd2 {[%clk 0:32:29]} Rad8 {[%clk 0:25:51]} 18. Bc3
{[%clk 0:23:51]} Qd6 {[%clk 0:02:09]} 19. Qxd6 {[%clk 0:15:52]} cxd6
{[%clk 0:00:59]} 20. Ng4 {[%clk 0:16:17]} Nh4 {[%clk 0:00:41]} 21. Nf6+
{[%clk 0:08:01]} Bxf6 {[%clk 0:01:02]} 22. Bxf6 {[%clk 0:08:27]} Nxg2
{[%clk 0:01:04]} 23. Red1 {[%clk 0:07:46]} Rc8 {[%clk 0:00:32]} 24. Bb5
{[%clk 0:07:12]} Nxf4 {[%clk 0:00:40]} 25. Bxe8 {[%clk 0:06:34]} Rxe8
{[%clk 0:01:09]} 26. Re1 {[%clk 0:06:14]} Be4 {[%clk 0:01:21]} 27. Rad1
{[%clk 0:05:25]} Re6 {[%clk 0:00:41]} 28. Bd4 {[%clk 0:02:12]} d5
{[%clk 0:01:10]} 29. Bxa7 {[%clk 0:01:17]} b6 {[%clk 0:00:35]} 30. Re3
{[%clk 0:00:52]} Rc6 {[%clk 0:00:34]} 31. Rd2 {[%clk 0:00:41]} b5
{[%clk 0:00:33]} 32. Rb3 {[%clk 0:00:41]} Ra6 {[%clk 0:00:33]} 33. Bd4
{[%clk 0:00:41]} h5 {[%clk 0:00:33]} 34. Rxb5 {[%clk 0:00:55]} g5
{[%clk 0:00:44]} 35. a3 g4 {[%clk 0:00:40]} 36. Kf2 {[%clk 0:00:57]} Kh7
{[%clk 0:00:33]} 37. Kg3 {[%clk 0:00:38]} Ne6 {[%clk 0:00:32]} 38. Rb7
{[%clk 0:00:33]} Kg6 {[%clk 0:00:33]} 39. Rb6 {[%clk 0:00:54]} Ra4
{[%clk 0:00:35]} 40. c3 {[%clk 0:00:41]} Bf3 {[%clk 0:00:31]} 41. Rb4
{[%clk 0:00:32]} Ra8 {[%clk 0:00:51]} 42. h4 {[%clk 0:00:36]} Kf5
{[%clk 0:00:32]} 43. Be3 {[%clk 0:00:56]} Kg6 {[%clk 0:00:38]} 44. Rb6
{[%clk 0:01:01]} Kf5 {[%clk 0:00:32]} 45. Rb4 {[%clk 0:00:53]} Kg6
{[%clk 0:00:52]} 46. a4 {[%clk 0:01:20]} Ng7 {[%clk 0:01:01]} 47. Rb6+
{[%clk 0:00:35]} Kh7 {[%clk 0:00:55]} 48. Rf6 {[%clk 0:00:34]} Rxa4
{[%clk 0:00:54]} 49. b4 {[%clk 0:00:33]} Be4 {[%clk 0:00:40]} 50. Kf4
{[%clk 0:00:35]} Ne6+ {[%clk 0:00:32]} 51. Ke5 {[%clk 0:01:01]} Kg8
{[%clk 0:00:41]} 52. b5 {[%clk 0:00:57]} Bh1 {[%clk 0:00:34]} 53. b6
{[%clk 0:00:49]} Ra5 {[%clk 0:00:33]} 54. Bd4 {[%clk 0:00:42]} Rb5
{[%clk 0:00:37]} 55. Rxe6 {[%clk 0:00:33]} fxe6 {[%clk 0:00:44]} 56. Kxe6
{[%clk 0:01:02]}  1-0

[Event "Iranian Men Championship Final 1399"]
[Site "Tehran"]
[Date "2021.04.06"]
[Round "4"]
[Board "1"]
[White "Hakemi, Arman"]
[Black "Mosadeghpour, Masoud"]
[Result "1-0"]
[WhiteElo "2316"]
[BlackElo "2498"]
[PlyCount "0"]
[EventDate "2021.04.05"]
[EventRounds "15"]
[EventCountry "IRI"]

1. d4 Nf6 {[%clk 1:24:19]} 2. c4 {[%clk 1:30:31]} g6 {[%clk 1:23:36]} 3. Nc3
{[%clk 1:30:54]} d5 {[%clk 1:24:01]} 4. Nf3 {[%clk 1:31:20]} Bg7 {[%clk 1:24:16]}
5. Qb3 {[%clk 1:31:42]} dxc4 {[%clk 1:24:14]} 6. Qxc4 {[%clk 1:32:05]} O-O
{[%clk 1:24:37]} 7. e4 {[%clk 1:32:32]} a6 {[%clk 1:24:30]} 8. Be2
{[%clk 1:32:55]} b5 {[%clk 1:24:45]} 9. Qb3 {[%clk 1:33:20]} c5 {[%clk 1:24:53]}
10. dxc5 {[%clk 1:32:53]} Bb7 {[%clk 1:25:04]} 11. e5 {[%clk 1:33:05]} Nfd7
{[%clk 1:24:14]} 12. Be3 e6 13. Rd1 {[%clk 1:17:37]} Qc7 {[%clk 1:23:40]} 14. O-O
{[%clk 1:15:21]} Nxc5 {[%clk 1:17:55]} 15. Qa3 {[%clk 0:57:12]} Ncd7
{[%clk 0:53:46]} 16. Qe7 {[%clk 0:45:26]} Qc8 17. a4 bxa4 {[%clk 0:42:53]} 18.
Nxa4 {[%clk 0:38:00]} Bc6 {[%clk 0:35:04]} 19. Qh4 {[%clk 0:20:03]} Qb7
{[%clk 0:14:37]} 20. Ng5 {[%clk 0:10:15]} h6 {[%clk 0:11:13]} 21. Nf3
{[%clk 0:10:43]} h5 {[%clk 0:08:45]} 22. Rd2 {[%clk 0:08:53]} Bb5
{[%clk 0:03:09]} 23. Nc5 {[%clk 0:06:45]} Nxc5 {[%clk 0:03:15]} 24. Bxc5
{[%clk 0:07:13]} Re8 {[%clk 0:02:57]} 25. Bd6 {[%clk 0:05:10]} Nd7
{[%clk 0:02:35]} 26. Qf4 {[%clk 0:05:01]} Nb6 {[%clk 0:01:44]} 27. Ng5
{[%clk 0:04:06]} Nd5 {[%clk 0:01:12]} 28. Qf3 {[%clk 0:02:40]} Bh6
{[%clk 0:00:58]} 29. h4 {[%clk 0:03:07]} Rac8 {[%clk 0:00:58]} 30. Rfd1
{[%clk 0:02:23]} Bxg5 {[%clk 0:00:35]} 31. hxg5 {[%clk 0:02:51]} Bxe2
{[%clk 0:00:51]} 32. Rxe2 {[%clk 0:03:02]} Rc4 {[%clk 0:00:51]} 33. Rdd2
{[%clk 0:00:39]} Rf4 {[%clk 0:00:45]} 34. Qa3 {[%clk 0:00:43]} Rg4
{[%clk 0:00:57]} 35. f3 {[%clk 0:01:03]} Rxg5 {[%clk 0:01:03]} 36. Re4
{[%clk 0:01:30]} Rc8 {[%clk 0:01:01]} 37. Kh2 {[%clk 0:01:43]} Qb6
{[%clk 0:00:39]} 38. b4 {[%clk 0:01:49]} Kg7 {[%clk 0:00:32]} 39. Bc5
{[%clk 0:01:35]} Qb5 {[%clk 0:01:02]} 40. Qb2 {[%clk 0:01:39]} Kg8
{[%clk 0:00:53]} 41. Red4 {[%clk 0:01:32]} a5 {[%clk 0:00:40]} 42. Rxd5
{[%clk 0:00:40]} exd5 {[%clk 0:01:00]} 43. e6 {[%clk 0:01:09]} Qb8+
{[%clk 0:00:41]} 44. Kh1 {[%clk 0:01:35]} Qe5 {[%clk 0:00:37]} 45. exf7+
{[%clk 0:01:40]} Kxf7 {[%clk 0:01:06]} 46. Qa2 {[%clk 0:01:31]} axb4
{[%clk 0:00:44]} 47. Re2 {[%clk 0:01:18]} Qg3 {[%clk 0:00:32]} 48. Qa7+
{[%clk 0:01:08]} Kg8 {[%clk 0:00:32]} 49. Qd7 {[%clk 0:01:14]} Rf8
{[%clk 0:00:31]} 50. Qe6+ {[%clk 0:01:16]} Rf7 {[%clk 0:00:33]} 51. Qe8+
{[%clk 0:01:30]} Kg7 {[%clk 0:00:41]} 52. Bd4+ {[%clk 0:01:58]}  1-0

[Event "Iranian Men Championship Final 1399"]
[Site "Tehran"]
[Date "2021.04.06"]
[Round "4"]
[Board "2"]
[White "Gholami, Aryan"]
[Black "Jahedi, Mani"]
[Result "1-0"]
[WhiteElo "2507"]
[BlackElo "2201"]
[PlyCount "0"]
[EventDate "2021.04.05"]
[EventRounds "15"]
[EventCountry "IRI"]

1. d4 {[%clk 1:30:57]} Nf6 {[%clk 1:24:52]} 2. c4 {[%clk 1:31:17]} e6 3. Nc3
{[%clk 1:31:33]} Bb4 {[%clk 1:24:59]} 4. Qb3 {[%clk 1:31:49]} c5 {[%clk 1:23:33]}
5. Nf3 {[%clk 1:32:02]} d6 {[%clk 1:18:16]} 6. a3 {[%clk 1:27:46]} Ba5
{[%clk 1:14:25]} 7. e3 {[%clk 1:22:16]} O-O {[%clk 1:12:20]} 8. Qc2
{[%clk 1:19:07]} Nc6 {[%clk 1:10:59]} 9. Bd3 {[%clk 1:14:48]} e5 {[%clk 0:57:56]}
10. dxe5 {[%clk 1:09:24]} dxe5 {[%clk 0:57:17]} 11. Nd2 {[%clk 1:08:40]} Re8
{[%clk 0:48:16]} 12. O-O {[%clk 1:04:29]} g6 {[%clk 0:38:17]} 13. b3
{[%clk 1:03:09]} Be6 {[%clk 0:36:24]} 14. Bb2 {[%clk 1:02:39]} Bc7
{[%clk 0:36:28]} 15. Nde4 {[%clk 1:00:46]} Nxe4 {[%clk 0:30:42]} 16. Bxe4
{[%clk 1:01:09]} Qe7 {[%clk 0:28:44]} 17. Nd5 {[%clk 0:55:50]} Bxd5
{[%clk 0:28:26]} 18. Bxd5 {[%clk 0:55:36]} Rad8 {[%clk 0:25:23]} 19. Qe4
{[%clk 0:54:57]} Rd6 {[%clk 0:22:36]} 20. g3 {[%clk 0:45:10]} Nd8
{[%clk 0:20:23]} 21. b4 {[%clk 0:42:55]} Rb6 {[%clk 0:18:06]} 22. Bc3
{[%clk 0:42:18]} Bd6 {[%clk 0:18:16]} 23. b5 {[%clk 0:41:57]} Bc7
{[%clk 0:13:05]} 24. a4 {[%clk 0:40:53]} Kf8 {[%clk 0:10:49]} 25. a5
{[%clk 0:39:41]} Rd6 {[%clk 0:11:12]} 26. Bxb7 {[%clk 0:30:53]} f5
{[%clk 0:08:17]} 27. Qg2 {[%clk 0:31:13]} Rd3 {[%clk 0:08:08]} 28. Rfc1
{[%clk 0:29:43]} e4 {[%clk 0:05:51]} 29. Bd5 {[%clk 0:29:44]} Nf7
{[%clk 0:04:57]} 30. Rab1 {[%clk 0:27:03]} Ng5 {[%clk 0:02:35]} 31. b6
{[%clk 0:27:12]} axb6 {[%clk 0:02:39]} 32. axb6 {[%clk 0:27:26]} Be5
{[%clk 0:01:26]} 33. Bxe5 {[%clk 0:27:16]} Qxe5 {[%clk 0:01:42]} 34. b7
{[%clk 0:27:39]} Rb8 {[%clk 0:01:12]} 35. Rd1 {[%clk 0:26:24]} Nf3+
{[%clk 0:00:42]} 36. Qxf3 {[%clk 0:25:58]} Rxd5 {[%clk 0:00:33]} 37. Rxd5
{[%clk 0:23:49]} Qxd5 {[%clk 0:00:58]} 38. cxd5 {[%clk 0:24:15]} exf3
{[%clk 0:01:24]} 39. Kf1 {[%clk 0:24:37]}  1-0